00489 2200205 4500001002100000005001500021035002000036007000300056008004100059082001100100084001700111100002100128245002700149250001200176260002800188300002100216600002700237856000800264990001100272INLIS00000000000031620260310013643 a0010-0326000078ta260310 0  a297.23 a297.23 ABD d0 aABDUL AZIZ QUDSI1 aDIALOG PAHALA DAN DOSA aPERTAMA aJOMBAMG :bLINTAS MEDIA a224 hlm ;c19 cm 4aDIALOG PAHALA DAN DOSA a300 a35.981